The priests of ancient Egypt /
محفوظ في:
المؤلف الرئيسي:
مؤلفون آخرون:
التنسيق: كتاب
اللغة:
English
French
منشور في:
Ithaca, N.Y. :
Cornell University Press,
2000.
الطبعة: New ed.
الموضوعات:
الوسوم: إضافة وسم
لا توجد وسوم, كن أول من يضع وسما على هذه التسجيلة!
رقم الطلب: BL2443 .S283 2000
| LEADER | 01257cam a2200313 a 4500 | ||
|---|---|---|---|
| 003 | OSt | ||
| 005 | 20250302114954.0 | ||
| 008 | 991129s2000 nyuab b 001 0 eng | ||
| 010 | |a 99088140 | ||
| 020 | |a 0801486548 (paper) | ||
| 040 | |c ARCE Library | ||
| 041 | 1 | |a eng |h fre | |
| 043 | |a f-ua--- | ||
| 050 | 4 | |a BL2443 .S283 2000 | |
| 100 | 1 | |a Sauneron, Serge. | |
| 240 | 1 | 0 | |a Prêtres de l'ancienne Egypte. |l English. |
| 245 | 1 | 4 | |a The priests of ancient Egypt / |c Serge Sauneron ; foreword by Jean-Pierre Corteggiani ; translated from the French by David Lorton. |
| 250 | |a New ed. | ||
| 260 | |a Ithaca, N.Y. : |b Cornell University Press, |c 2000. | ||
| 300 | |a xii, 215 p. : |b ill., map ; |c 21 cm. | ||
| 500 | |a Translation of: Les pretres de l'ancienne Egypte. | ||
| 504 | |a Includes bibliographical references (p. [199]-201) and index. | ||
| 505 | 0 | |a Foreword / Jean-Pierre Corteggiani 1. The Testimony of Ancient Texts 2. The Priestly Office 3. The World of the Temples 4. The Sacred Services 5. Sacred Knowledge 6. The Changing Fortunes of the Egyptian Clergies Books by Serge Sauneron. | |
| 650 | 0 | |a Priests |z Egypt. | |
| 651 | 0 | |a Egypt |x Religion. | |
| 700 | 1 | |a Lorton, David, |d 1945-2011. | |
| 901 | |a reviewed | ||
| 942 | |2 lcc |c BK | ||
| 999 | |c 55063 |d 55063 | ||
